[Event "Bratto op 35th"]
[Site "Bratto"]
[Date "2015.08.30"]
[Round "9"]
[White "Bonato, Mariano"]
[Black "Vuelban, Virgilio"]
[Result "0-1"]
[WhiteElo "2177"]
[BlackElo "2349"]
[PlyCount "104"]
[EventDate "2015.08.22"]
[EventType "swiss"]
[EventRounds "9"]
[EventCountry "ITA"]
[SourceTitle "EXT 2016"]
[Source "ChessBase"]
[SourceDate "2015.10.08"]
[SourceVersion "1"]
[SourceVersionDate "2015.10.08"]
[SourceQuality "1"]

1. e4 c5 2. Nf3 d6 3. d4 cxd4 4. Nxd4 Nf6 5. Nc3 Nc6 6. Bc4 e6 7. Be3 Be7 8. 0-0 0-0 9. Qe2 a6 10. a4 Qc7 11. f4 Bd7 12. Bb3 Na5 13. Ba2 Rac8 14. f5 e5 15. Nf3 Nc4 16. Bxc4 Qxc4 17. Qd3 h6 18. h3 Rfe8 19. Nd2 Qxd3 20. cxd3 Bc6 21. d4 exd4 22. Bxd4 Nd7 23. Nf3 Bd8 24. Rfe1 Ba5 25. Nd2 Bb4 26. Re3 Nc5 27. Rg3 f6 28. Bxf6 Rc7 29. Bd4 Nxe4 30. Ndxe4 Bxe4 31. Re1 d5 32. Re2 Bxc3 33. Bxc3 Kh7 34. Rge3 Rec8 35. f6 gxf6 36. Bxf6 Rc1+ 37. Kh2 Ra1 38. Rg3 Rc7 39. a5 Rf7 40. Bc3 Rd1 41. Be5 Bg6 42. Rf3 Rxf3 43. gxf3 Rd3 44. Bc3 d4 45. Bd2 Rxf3 46. Re7+ Kh8 47. Bxh6 d3 48. Bg7+ Kg8 49. Bc3 d2 50. Rd7 Bd3 51. Rg7+ Kf8 52. Rg1 Bf1 0-1

[Event "Bratto op 35th"]
[Site "Bratto"]
[Date "2015.08.27"]
[Round "6"]
[White "Bonato, Mariano"]
[Black "Ferretti, Folco"]
[Result "1/2-1/2"]
[WhiteElo "2177"]
[BlackElo "2211"]
[PlyCount "118"]
[EventDate "2015.08.22"]
[EventType "swiss"]
[EventRounds "9"]
[EventCountry "ITA"]
[SourceTitle "EXT 2016"]
[Source "ChessBase"]
[SourceDate "2015.10.08"]
[SourceVersion "1"]
[SourceVersionDate "2015.10.08"]
[SourceQuality "1"]

1. e4 d6 2. d4 Nf6 3. Bd3 e5 4. c3 d5 5. dxe5 Nxe4 6. Nf3 Nc5 7. Bc2 Be7 8. 0-0 Bg4 9. Bf4 0-0 10. h3 Bh5 11. Qe2 Ne6 12. Bh2 c5 13. Nbd2 Nc6 14. g4 Bg6 15. Bf5 Re8 16. Rad1 Qb6 17. Nb3 Rad8 18. Rd2 c4 19. Nbd4 Nexd4 20. Nxd4 Bc5 21. Rfd1 Bxd4 22. cxd4 Bxf5 23. gxf5 Ne7 24. Qg4 g6 25. fxg6 Qxg6 26. Bf4 h5 27. Qg5 Kh7 28. Kh2 Nf5 29. Qxg6+ fxg6 30. Bg5 Rc8 31. Rc2 b5 32. Be3 Re6 33. b4 Ra8 34. a4 a5 35. Rb1 axb4 36. Rxb4 bxa4 37. Rb5 a3 38. Ra2 Rc6 39. Bc1 Nxd4 40. Rxd5 Nb3 41. Rd7+ Kg8 42. Rxa3 Rxa3 43. Bxa3 Nc5 44. Rd6 Rxd6 45. exd6 Nb7 46. Kg3 Kf7 47. Kf4 Ke6 48. Kg5 Kf7 49. Bb4 c3 50. Bxc3 Nxd6 51. Bd4 Nf5 52. Bc5 Ng7 53. Be3 Ne6+ 54. Kh4 Kf6 55. Kg3 Kf5 56. h4 Ke4 57. Bb6 Ng7 58. f3+ Kf5 59. Be3 Ne8 1/2-1/2

[Event "Bratto op 34th"]
[Site "Bratto"]
[Date "2014.08.24"]
[Round "3"]
[White "Bonato, Mariano"]
[Black "Scagliotti, Mauro"]
[Result "1-0"]
[WhiteElo "2139"]
[BlackElo "2043"]
[PlyCount "57"]
[EventDate "2014.08.22"]
[EventType "swiss"]
[EventRounds "9"]
[EventCountry "ITA"]
[SourceTitle "EXT 2016"]
[Source "ChessBase"]
[SourceDate "2015.10.08"]
[SourceVersion "1"]
[SourceVersionDate "2015.10.08"]
[SourceQuality "1"]

1. e4 c6 2. d4 d5 3. Nd2 dxe4 4. Nxe4 Nd7 5. Nf3 Ngf6 6. Ng3 e6 7. Bd3 Be7 8. Qe2 0-0 9. Bd2 c5 10. 0-0-0 Qc7 11. h4 a6 12. Ng5 cxd4 13. Nf5 Bc5 14. Ng3 Ne5 15. f4 Nxd3+ 16. Qxd3 g6 17. h5 Ng4 18. N3e4 f5 19. Nxc5 Qxc5 20. hxg6 h6 21. Qh3 Kg7 22. Nf7 Rxf7 23. gxf7 Kxf7 24. Qh5+ Kg7 25. Be1 Bd7 26. Rxd4 Be8 27. Qh4 Rc8 28. Bc3 Kh7 29. Rc4 1-0

[Event "Bratto op 34th"]
[Site "Bratto"]
[Date "2014.08.22"]
[Round "1"]
[White "Bonato, Mariano"]
[Black "Pakleza, Zbigniew"]
[Result "0-1"]
[WhiteElo "2139"]
[BlackElo "2498"]
[PlyCount "108"]
[EventDate "2014.08.22"]
[EventType "swiss"]
[EventRounds "9"]
[EventCountry "ITA"]
[SourceTitle "CBM 162 Extra"]
[Source "ChessBase"]
[SourceDate "2014.10.17"]
[SourceVersion "1"]
[SourceVersionDate "2014.10.17"]
[SourceQuality "1"]

1. e4 d6 2. d4 Nf6 3. Bd3 e5 4. c3 d5 5. dxe5 dxe4 6. Bb5+ c6 7. Qxd8+ Kxd8 8. exf6 cxb5 9. fxg7 Bxg7 10. Bg5+ Ke8 11. Nd2 f5 12. f3 Rg8 13. Bf4 b4 14. Ne2 bxc3 15. bxc3 exf3 16. Nxf3 Nc6 17. 0-0 Kf7 18. Ng5+ Kg6 19. Rad1 Rd8 20. Rxd8 Nxd8 21. Rd1 Nf7 22. Nf3 Be6 23. Be3 Bh6 24. Bxh6 Kxh6 25. a3 Re8 26. Ned4 Bd7 27. Kf2 Kg6 28. g3 Kf6 29. Rd3 Nd6 30. Nd2 Ne4+ 31. Nxe4+ fxe4 32. Re3 Ke5 33. Nf3+ Kd5 34. Nd2 Rf8+ 35. Kg2 Bf5 36. h3 Bg6 37. g4 Ke5 38. Kg3 b5 39. h4 h6 40. Re1 a6 41. Re2 Rf4 42. h5 Bf7 43. Rh2 Be6 44. Rh4 Bd7 45. g5 Rxh4 46. Kxh4 e3 47. gxh6 Kf4 48. h7 e2 49. Nf3 Kxf3 50. h8Q e1Q+ 51. Kg5 Qe3+ 52. Kg6 Qe8+ 53. Qxe8 Bxe8+ 54. Kg5 Bxh5 0-1

[Event "Padova CIS Serie B/7 45th"]
[Site "Padova"]
[Date "2013.03.24"]
[Round "3.1"]
[White "Bonato, Mariano"]
[Black "Fregonese, Giulio"]
[Result "0-1"]
[WhiteElo "2148"]
[BlackElo "2204"]
[PlyCount "50"]
[EventDate "2013.03.24"]
[EventType "team"]
[EventRounds "3"]
[EventCountry "ITA"]
[SourceTitle "EXT 2024"]
[Source "ChessBase"]
[SourceDate "2023.10.10"]
[SourceVersion "1"]
[SourceVersionDate "2023.10.10"]
[SourceQuality "1"]

1. e4 e5 2. d4 exd4 3. f4 Bb4+ 4. Bd2 Qe7 5. Bd3 Nf6 6. Nf3 Bc5 7. 0-0 Nc6 8. a3 a5 9. h3 d6 10. e5 Nd5 11. exd6 Qxd6 12. Re1+ Nce7 13. Ng5 f5 14. Qh5+ g6 15. Qh6 Qf6 16. Kh1 Bd7 17. Bc4 0-0-0 18. b4 Ba7 19. bxa5 Ne3 20. Bxe3 dxe3 21. Ra2 Qd4 22. Bd3 Bc6 23. Re2 Qxf4 24. Rb2 Bd4 25. Rb4 Qf1+ 0-1